000 00362nam a2200157Ia 4500
003 Ost
005 20260225132550.0
008 260225s9999||||xx |||||||||||||| ||und||
040 _cfsic
041 _afre
082 _a440
100 _aE.S.Sovos
_eAuteur
245 0 _aPrivatisation pour une soçieté performante /
245 0 _cE.S.Sovos
942 _cكتاب
999 _c34064
_d34064